Gaming Quiz

Random Gaming or Football Quiz

NCAA Football cover athletes Quiz Stats

 Plays Quiz not verified by Sporcle

Score 0/20 Timer 05:00
0 Plays Today
Year (School) Player % Correct
2011 (Florida)Tim Tebow
90.7%
2007 (USC)Reggie Bush
80.2%
2009 (Boston College)Matt Ryan
61.1%
2009 (Arkansas)Darren McFadden
59.3%
2004 (USC)Carson Palmer
58.6%
2005 (Pitt)Larry Fitzgerald
58.6%
2010 (Texas Tech)Michael Crabtree
58%
2010 (USC)Mark Sanchez
45.7%
2000 (Texas)Ricky Williams
43.8%
2003 (Oregon)Joey Harrington
43.2%
Year (School) Player % Correct
1999 (Michigan)Charles Woodson
42%
2006 (Michigan)Desmond Howard
38.9%
2009 (Cal)DeSean Jackson
33.3%
2002 (Florida State)Chris Weinke
31.5%
2008 (Boise St)Jared Zabransky
27.2%
2001 (Alabama)Shaun Alexander
23.5%
1998 (Florida)Danny Wuerffel
17.3%
2010 (Texas)Brian Orakpo
12.3%
2010 (Utah)Brian Johnson
9.3%
2009 (West Virginia)Owen Schmitt
7.4%

You're not logged in!

Compare scores with friends on all Sporcle quizzes.
OR
Log In

Show Comments

Extras

Top Quizzes Today


Score Distribution

Your Account Isn't Verified!

In order to create a playlist on Sporcle, you need to verify the email address you used during registration. Go to your Sporcle Settings to finish the process.

Report this User

Report this user for behavior that violates our Community Guidelines.

Details: